| 000 | 00360nam a2200133Ia 4500 | ||
|---|---|---|---|
| 008 | 210430s9999 xx 000 0 und d | ||
| 020 | _a0-7506-5155-5 | ||
| 082 | _a660.29 A 346 T | ||
| 100 |
_aC.B.Alcock DSC, _952808 |
||
| 245 |
_aThermochemical Processes _cC.B.Alcock DSC, |
||
| 260 |
_aJordan Hill _bPlanta Tree _c2001 |
||
| 300 | _a386p | ||
| 942 |
_cBK _2ddc |
||
| 999 |
_c562266 _d562266 |
||